działania matematyczne - Statystyki

Ogólne statystyki
  • Ten quiz został rozwiązany 55 razy
  • Średni wynik to 14 z 15
Statystyki odpowiedzi
działanie wynik % Poprawnych
2-2=? 0
100%
2+2x2=? 6
100%
2+2+2=? 6
100%
21:3=? 7
100%
?+2=9 7
100%
(2+2)x2=? 8
98%
9x9=? 81
98%
2x9=? 18
95%
(2x2):2=? 2
95%
12:4=? 3
95%
32:8=? 4
95%
1,2-0,4=? 0,8
93%
2x(2x4)=? 16
91%
1,9+1,3=? 3,2
91%
1909+113=? 2022
86%
Nie znaleziono quizów pasujących do podanych kryteriów
Rozkład punktacji
Procent ludzi z każdym wynikiem
Percentyl według liczby udzielonych odpowiedzi
Twoja historia wyników
Nie rozwiązałeś tego quizu